1446 1564 1143 1292 1233 1938 1060 1431 1369 1115 1139 1895 1395 1186 1541 1297 1899 1381 1823 1673 1496 1304 1839 1329 1961 1419 1482 1868 1927 1573 1183 1454 1732 1123 1507 1611 1407 1558 1651 1453 1333 1712 1187 1692 1632 1580 1136 1897 1869 1423 1818 1378 1950 1471 1825 1212 1797 1973 1502 1097 1930 1950 1713 1934 1867 1957 1391 1910 1271 1942 1304 1253 1077 1085 1890 1713 1862 1886 1509 1155 1175 1060 1447 1908 1349 1814 1002 1756 1293 1659 1024 1002 1034 1461 1707 1919 1728 1449 1948 BCNSPRNW ULIB Ver.6.0+V

เปลี่ยนเป็นภาษาไทย

Change to English
 แสดงรายละเอียดบรรณานุกรม
  กลับหน้าหลัก

Brief Record : Get Marc (ISO 2709) : E-mail record : QR code < ปิดหน้าต่าง
LEADER : 00000nam 2200000 a 4500
001    13399113555
003     ULIB
008    970708s2549 th 000 1 tha d
020    9789749984609
090    ^aนว^bพ591ช 2549
100 1  ^aHong Mi Ran & Hong Jeong Eun
245 10 ^aชุลมุนนัก คู่รักจำเป็น =^bSassy Girl Chunhyang /^cHong Mi Ran & Hong Jeong Eun แปลโดย พาฟัน
246 31 ^a Sassy Girl Chunhyang
250    ^aพิมพ์ครั้งที่ 2
260    ^aกรุงเทพฯ :^bแจ่มใส,^c2549
300    ^a243 หน้า ;^c18 ซม.
650  4 ^aนวนิยาย
700 0  ^aาฟัน,^eผู้แปล
945    ^p169^l0^i24566
995    ^aเกษร
999 ^a ใช้งานได้ทุกระบบ
รายการนี้ยังไม่มีแท็ก
คุณยังไม่ได้ล็อกอิน คุณสามารถมีกิจกรรมร่วมกับเว็บไซต์ได้ แต่ต้องล็อกอินก่อน ::
  ล็อกอิน

รายการสื่อสารสนเทศ

ลำดับที่ ประเภท เลขเรียก/บาร์โค้ด สถานที่ สถานะ
1. นวนิยาย
นวนิยาย
นว พ591ช 2549  
  Barcode: 24566
ห้องสมุดวิทยาเขตสวรรค์ประชารักษ์
►นวนิยาย
บนชั้น
  ขอยืม

รายการใกล้เคียง
    หัวเรื่อง [นวนิยาย]

BibComment


ยังไม่เคยถูกคอมเมนท์

คอมเมนท์ทรัพยากรรายการนี้
  คอมเมนท์: ชุลมุนนัก คู่รัก..


 Copyright 2026. Bcnsprnw @Library